00579nam a22001577a 450000500170000001000150001702000260003203500140005803700130007208200110008510000190009624500690011526000440018427001740022830000190040220220428130844.0 aENG-132445 a9789385616051c925.00 aEN-115977 bDBAD/PUB a610.73 aPrathiba, P.M. aMedical Surgical Nursing-II:bFor GNM Second Year/cP.M.Prathiba aVijayawada bVijayam Publicationsc2019 a28-2-28, Ramamandiram St., Governerpet, Eluru Road, Andhra Pradesh,bVijayawadae517502k0866-2432445, 888541400, 8885414666l2432445/6mvijayampublicationsvja@yahoo.com aVp.c24cm(pbk)